|
|
|
|
| LEADER |
00000nam0a2200000 4500 |
| 001 |
185428 |
| 005 |
20231031172911.0 |
| 020 |
|
|
|a RU
|b 91-32284
|
| 035 |
|
|
|a (RuTPU)RU\TPU\book\201130
|
| 090 |
|
|
|a 185428
|
| 100 |
|
|
|a 20101009d1991 km y0rusy5003 ca
|
| 101 |
0 |
|
|a rus
|
| 102 |
|
|
|a UA
|
| 105 |
|
|
|a a z 001zy
|
| 200 |
1 |
|
|a Ритмичность поставок в условиях самофинансирования
|f Н. П. Белоус [и др.]
|
| 210 |
|
|
|a Киев
|c Тэхника
|d 1991
|
| 215 |
|
|
|a 141,[2] с.
|c ил.
|d 20 см
|
| 320 |
|
|
|a Библиогр.: с. 137-142. (102 назв.).
|
| 333 |
|
|
|a Исключено из фонда НТБ ТПУ
|
| 701 |
|
1 |
|a Белоус
|b Н. П.
|g Николай Петрович
|
| 701 |
|
1 |
|a Богуславский
|b Е. И.
|g Евгений Исаакович
|
| 701 |
|
1 |
|a Олейник
|b С. У.
|g Станислав Ульянович
|
| 701 |
|
1 |
|a Тильчин
|b О. Т.
|g Олег Тимофеевич
|
| 801 |
|
0 |
|a RU
|b RuMRKP
|c 19950417
|g psbo
|
| 801 |
|
1 |
|a RU
|b 63413507
|c 20101009
|
| 801 |
|
2 |
|a RU
|b 63413507
|c 20170123
|g RCR
|
| 942 |
|
|
|c BK
|